| 000 | 00424nam a2200181Ia 4500 | ||
|---|---|---|---|
| 008 | 170705s9999 xx 000 0 und d | ||
| 020 | _a9780545258371 | ||
| 245 | _aPet heroes / | ||
| 245 | _cNicole Corse. | ||
| 260 | _aNew York : | ||
| 260 | _bScholastic, | ||
| 260 | _c2010 | ||
| 300 | _a32 pages : | ||
| 300 | _bcolor illustration ; | ||
| 300 | _c23cm. | ||
| 440 | _aScholastic reader level 3. | ||
| 500 | _a870 | ||
| 999 |
_c336823 _d336823 |
||